000 00489 a2200169 4500
999 _c4191
_d4191
020 _a9788120320512
050 _aQA76;73 JAI 2002
100 _aJain, Pallavi
_eauthor
245 _aJ2ee professional projects /
_cPallvi Jain & Shadab Siddiqui
264 _aNew Delhi :
_bPrentice Hall,
_c2002
300 _axxvii, 888p. :
_bill.
500 _aIncludes index
650 _aJavaServer pages
650 _aJavaBeans
700 _aSiddiqui, Shadab
_eauthor
942 _2lcc
_cBK
_h76.73
_iJAI
_kQA